Number of Counties in Each State - Statistics

General Stats
  • This quiz has been taken 17 times
  • The average score is 18 of 50
Answer Stats
State County Number % Correct
Delaware 3
70%
Alaska 25
60%
Rhode Island 5
60%
Alabama 67
60%
Connecticut 8
60%
Georgia 159
50%
Maine 16
50%
Hawaii 5
50%
California 58
50%
Florida 67
50%
North Carolina 100
40%
Massachusetts 14
40%
Vermont 14
40%
Arizona 16
40%
Nevada 17
40%
Maryland 23
40%
Wyoming 23
40%
Texas 254
40%
Montana 56
40%
Colorado 63
40%
Arkansas 75
40%
Iowa 99
40%
Illinois 102
30%
Kansas 105
30%
Missouri 114 (+1)
30%
Kentucky 120
30%
New Jersey 21
30%
Utah 29
30%
New Mexico 33
30%
Idaho 44
30%
South Carolina 46
30%
West Virginia 55
30%
Louisiana 64
30%
Pennsylvania 67
30%
Oklahoma 77
30%
Mississippi 82
30%
Michigan 83
30%
Indiana 92
30%
Tennessee 95
30%
Virginia 95
30%
New Hampshire 10
20%
Oregon 36
20%
Washington 39
20%
North Dakota 53
20%
New York 62
20%
South Dakota 66
20%
Wisconsin 72
20%
Minnesota 87
20%
Ohio 88
20%
Nebraska 93
20%
No matching quizzes found
Score Distribution
Percent of People with Each Score
Percentile by Number Answered
Your Score History
You have not taken this quiz